Design of Machine Elements (Record no. 12406)

000 -LEADER
fixed length control field 00380nam a22001577a 4500
020 ## - INTERNATIONAL STANDARD BOOK NUMBER
International Standard Book Number 9780070681798
082 ## - DEWEY DECIMAL CLASSIFICATION NUMBER
Classification number 621.815 BHA
100 ## - MAIN ENTRY--PERSONAL NAME
Personal name Bhandari, V.B.
245 ## - TITLE STATEMENT
Title Design of Machine Elements
250 ## - EDITION STATEMENT
Edition statement 3rd ed.
260 ## - PUBLICATION, DISTRIBUTION, ETC.
Place of publication, distribution, etc. New Delhi, India
Name of publisher, distributor, etc. McGraw Hill
Date of publication, distribution, etc. 2010
300 ## - PHYSICAL DESCRIPTION
Extent xxv, 934 p.
Other physical details ill. ;
500 ## - GENERAL NOTE
General note Includes index.
650 ## - SUBJECT ADDED ENTRY--TOPICAL TERM
Topical term or geographic name entry element Machine design.
942 ## - ADDED ENTRY ELEMENTS (KOHA)
Koha item type Book
Holdings
Withdrawn status Lost status Damaged status Not for loan Collection code Permanent Location Current Location Shelving location Date acquired Source of acquisition Cost, normal purchase price Total Checkouts Full call number Barcode Date last seen Price effective from Koha item type
          Central Library (CL) Central Library (CL) General Stacks 12/27/2013 Saeed Book Bank 744.25   621.815 BHA SEECS012756 12/30/2013 12/30/2013 Book
© 2023 Central Library, National University of Sciences and Technology. All Rights Reserved.